000
00326nam a22001457a 4500
008
230412b ||||| |||| 00| 0 eng d
020
_a
9781305660588
041
_a
eng
080
_a
316
082
_a
316HEN
100
_a
24
101
_a
SOCI
245
_a
SOC 5 INTRODUCTION TO SOCIOLOGY
_c
HENSLIN.M.J
942
_2
udc
_c
BK
999
_c
59517
_d
59517